Elementos de fitoquímica y de farmacognosia (Registro nro. 284)

Detalles MARC
000 -CABECERA
Campo de control 00894nam a2200265 a 4500
005 - FECHA Y HORA DE LA ULTIMA TRANSACCION
Campo de control 20191224041521.0
008 - ELEMENTOS DE LONGITUD FIJA—INFORMACION GENERAL
Campo de control 140220b1991 sp a fr|||| 00| 0 spa d
020 ## - ISBN
ISBN 842000717X
040 ## - FUENTE DE CATALOGACIÓN
Agencia catalogadora original CO-BoIAVH
Agencia transcriptora CO-BoIAVH
041 0# - IDIOMA
Código de idioma para texto/pista de sonido o título separado Español
044 ## - PAÍS DE PUBLICACIÓN
País de publicación Colombia
082 04 - NUMERO DE CLASIFICACION DECIMAL DEWEY
Número de clasificación 615.321
Número del ítem B89e
100 1# - ASIENTO PRINCIPAL--NOMBRE PERSONAL
Nombre personal Bruneton, Jean
Término relacionado Autor
9 (RLIN) 7178
245 1# - MENCION DE TITULO
Título Elementos de fitoquímica y de farmacognosia
Mención de responsabilidad Jean Bruneton ; traducido por: Angel Villar del Fresno
250 ## - MENCION DE EDICION
Mención de edición Primera edición
260 ## - PUBLICACION, DISTRIBUCION, ETC. (PIE DE IMPRENTA)
Lugar de publicación, distribución, etc. Zaragoza :
Nombre del editor, distribuidor, etc. Editorial Acribia ,
Fecha de publicación, distribución, etc. 1991.
300 ## - DESCRIPCION FISICA
Extensión xviii, 594 páginas :
Otros detalles físicos Ilustraciones;
Dimensiones 24 x 17 cm
650 06 - ASIENTO SECUNDARIO DE MATERIA - TERMINO TEMATICO
Término temático o nombre geográfico como elemento de entrada Fitoquímica
9 (RLIN) 4184
650 06 - ASIENTO SECUNDARIO DE MATERIA - TERMINO TEMATICO
Término temático o nombre geográfico como elemento de entrada Química orgánica
9 (RLIN) 6989
650 06 - ASIENTO SECUNDARIO DE MATERIA - TERMINO TEMATICO
Término temático o nombre geográfico como elemento de entrada Plantas medicinales
9 (RLIN) 47492
650 06 - ASIENTO SECUNDARIO DE MATERIA - TERMINO TEMATICO
Término temático o nombre geográfico como elemento de entrada Especies medicinales
9 (RLIN) 5726
650 06 - ASIENTO SECUNDARIO DE MATERIA - TERMINO TEMATICO
Término temático o nombre geográfico como elemento de entrada Química orgánica
Subdivisión general Alcaloides vegetales
9 (RLIN) 47494
700 1# - ASIENTO SECUNDARIO - NOMBRE PERSONAL
Nombre personal Villar del Fresno, Angel
Término de relación Traductor
9 (RLIN) 45861
942 ## - ELEMENTOS ADICIONALES (KOHA)
Tipo de ítem Libro
Sistema de clasificación Dewey Decimal Classification
Existencias
Withdrawn status Lost status Sistema de Clasificación Damaged status No para préstamo Colección Inventariado Ubicación Permanente Ubicación actual Fecha de adquisición Fuente de Valor Total Checkouts Número topográfico Inventario / Código de Barras Date last seen Ejemplar Price effective from Forma de adquisición Tipo de material
    Dewey Decimal Classification     General Inventariado 2017 Bogotá Bogotá 26/12/1997 Amazon   LB-615.321 B89e 000373 04/12/2012 Ej. 1 04/12/2012   Libro